Two 'of the' Words Quiz Stats

 Plays Quiz Updated Nov 28, 2018

Also try: Letter Swap
Challenge
Share
Tweet
Embed
Score 0/50 Timer 04:00
2 Plays Today
Word Saying % Correct
creamcream of the crop
94.5%
cropcream of the crop
94.5%
beastbelly of the beast
89.6%
bellybelly of the beast
89.7%
leaderleader of the pack
89%
packleader of the pack
89%
eyeeye of the storm
88.5%
hillking of the hill
86.3%
kingking of the hill
86.3%
stormeye of the storm
85.5%
talktalk of the town
84.5%
towntalk of the town
84.5%
slipslip of the tongue
83.2%
tongueslip of the tongue
83.2%
millrun of the mill
82.6%
runrun of the mill
82.6%
piepiece of the pie
81.4%
piecepiece of the pie
81.4%
devilspeak of the devil
81%
speakspeak of the devil
81%
tradetrick of the trade
80.7%
tricktrick of the trade
80.7%
landlay of the land
80.6%
laylay of the land
80.6%
flavorflavor of the week
80.5%
Word Saying % Correct
weekflavor of the week
80.5%
litterpick of the litter
80.2%
pickpick of the litter
80.2%
doghair of the dog
77.5%
hairhair of the dog
77.5%
bottombottom of the heap
75.4%
heapbottom of the heap
74.6%
earthsalt of the earth
74.2%
saltsalt of the earth
74.2%
roadrules of the road
74.1%
rulesrules of the road
74.1%
gamename of the game
73.9%
namename of the game
73.9%
heartheart of the matter
73.6%
matterheart of the matter
73.6%
artstate of the art
73.4%
statestate of the art
73.4%
ballparkout of the ballpark
73.2%
outout of the ballpark
73.2%
neckneck of the woods
73.2%
woodsneck of the woods
73.2%
proofproof of the pudding
71.8%
puddingproof of the pudding
71.8%
clothman of the cloth
61.3%
manman of the cloth
61.3%

You're not logged in!

Compare scores with friends on all Sporcle quizzes.
OR
Log In

You Might Also Like...

Show Comments

Extras

Top Quizzes Today


Score Distribution

Your Account Isn't Verified!

In order to create a playlist on Sporcle, you need to verify the email address you used during registration. Go to your Sporcle Settings to finish the process.

Report this User

Report this user for behavior that violates our Community Guidelines.

Details: